NFPA handbook of the national electrical code, based on the current 1975 code (Record no. 52249)

MARC details
000 -LEADER
fixed length control field 00610nam a2200157 a 4500
008 - FIXED-LENGTH DATA ELEMENTS--GENERAL INFORMATION
fixed length control field 120416s1932 ||||||||||||||||| || u
050 ## - LIBRARY OF CONGRESS CALL NUMBER
Classification number REF TK 223 Nat
100 ## - MAIN ENTRY--PERSONAL NAME
Personal name Summers, Wilford I
245 10 - TITLE STATEMENT
Title NFPA handbook of the national electrical code, based on the current 1975 code
Statement of responsibility, etc. edited by Wilford I. Summers
246 ## - VARYING FORM OF TITLE
Title proper/short title National Fire Protection Association
250 ## - EDITION STATEMENT
Edition statement 4th ed
260 ## - PUBLICATION, DISTRIBUTION, ETC.
Place of publication, distribution, etc. New York
Name of publisher, distributor, etc. McGraw-Hill
Date of publication, distribution, etc. 1932
300 ## - PHYSICAL DESCRIPTION
Extent xli, 797p. : ill
350 ## - PRICE (NR) (BK AM CF MU VM SE) [OBSOLETE]
Price 0.00
995 ## - RECOMMENDATION 995 [LOCAL, UNIMARC FRANCE]
-- 0.00
-- CBU-MAIN LIBRARY (Kitwe)
-- 1
-- 35.00
-- 1
-- REFERENCE
-- Reference Collection
Holdings
Withdrawn status Lost status Source of classification or shelving scheme Damaged status Not for loan Home library Current library Shelving location Date acquired Total Checkouts Full call number Barcode Date last seen Price effective from Koha item type
          CBU-MAIN LIBRARY, KITWE. CBU-MAIN LIBRARY, KITWE.   11/30/2022   REF TK 223 Nat 023335 11/30/2022 11/30/2022 MONOGRAPH